Statistiche per Riconosci la Squadra di calcio - Quiz n°12

Clicka qui per fare il quiz!

Statistiche generali

  • Questo quiz è stato fatto 9 volte
  • Il punteggio medio è 5 su 9

Statistiche sulle risposte

IndizioRisposta% Corretto
Titoli nazionali7 Segunda División
100%
Colori socialiRosso, bianco
100%
Divisione nazionale 2023-2024Seconda
75%
Trofei nazionali0
38%
ConfederazioneUEFA
38%
Trofei internazionali0
25%
Fondazione1905
25%
Capienza Stadio29 800 posti
25%
SquadraSporting Gijón
25%

Distribuzione punteggi

Percentile per numero di risposta

Percentuale di utenti per punteggio

I tuoi punteggi nel tempo

Non hai fatto questo quiz